Statistics for Project SEKAI song quiz :DD

Click here to take the quiz!

General Stats

  • This quiz has been taken 126 times
  • The average score is 61 of 174

Answer Stats

groupsong% Correct
Leo/need COMneedLe
72%
Leo/need COM「1」
65%
MORE MORE JUMP!
COM
If
65%
Niigo COMIDSMILE
62%
Leo/need COMStella
62%
MORE MORE JUMP!
COM
More! Jump! More!
60%
Leo/need COMPeaky Peaky
60%
Vivid BAD SQUAD
COM
Ready Steady
60%
Niigo COMBug
57%
Vivid BAD SQUAD
COM
Cinema
57%
MORE MORE JUMP!
COM
Idol Shin'eitai
57%
Leo/need COVERROKI
57%
Wondershow COMShowtime Ruler
57%
Wondershow COMTondemo-Wonderz
57%
Vivid BAD SQUAD
COM
RAD DOGS
55%
INSTRUMENTALDon't Fight The Music
54%
Wondershow COMGlory Steady Go!
52%
Vivid BAD SQUAD
COVER
Ifuudoudou
52%
Niigo COMJackpot Sad Girl
52%
Leo/need COMSTAGE OF SEKAI
52%
Vivid BAD SQUAD
COM
Beat Eater
51%
Wondershow COMBecoming Potatoes
51%
Wondershow COVERKING
51%
OTHERSalamander
51%
Vivid BAD SQUAD
COM
Flyer!
49%
Vivid BAD SQUAD
COM
Forward
49%
Niigo COVERVenom
49%
Niigo COVERCharles
48%
Vivid BAD SQUAD
COVER
Fragile
48%
Leo/need COMFrom Tokyo
48%
Niigo COMKuyamu to Kaite Mirai
48%
Wondershow COVERMiracle Paint
48%
Wondershow COMNiccori^^Chousa-tai no Theme
48%
MORE MORE JUMP!
COM
Tenshi no Clover
48%
Wondershow COMThe World Hasn't Even Started Yet
48%
MORE MORE JUMP!
COM
ice drop
46%
MORE MORE JUMP!
COVER
Romeo & Cinderella
46%
Vivid BAD SQUAD
COVER
BRING IT ON
45%
Niigo COMCellphone Love Story
45%
Leo/need COVERIkanaide
45%
Niigo COMNomad
45%
OTHERSEKAI
45%
Vivid BAD SQUAD
COM
Awake Now
43%
Niigo COMClose to gray
43%
Leo/need COVERGhost Rule
43%
Niigo COVERHitorinbo Envy
43%
OTHERidentity
43%
Niigo COMLower
43%
Wondershow COMonce upon a dream
43%
Leo/need COVERTeo
43%
INSTRUMENTALthe EmpErroR
43%
Wondershow COM88☆彡
42%
Niigo COVERAishite Aishite Aishite
42%
Niigo COVERBitter Choco Decoration
42%
OTHERGunjou Sanka
42%
OTHERJourney
42%
Leo/need COVERKagerou Daze
42%
Vivid BAD SQUAD
COM
Machi
42%
Wondershow COMNijiiro Stories
42%
Leo/need COMTeratera
42%
MORE MORE JUMP!
COM
Ai no Material
40%
MORE MORE JUMP!
COM
Color of Drops
40%
Vivid BAD SQUAD
COVER
drop pop candy
40%
Niigo COVERHello/How Are You?
40%
Vivid BAD SQUAD
COM
Mirai
40%
Niigo COMSaisei
40%
MORE MORE JUMP!
COVER
Shoujorei
40%
Niigo COVERUsseewa
40%
OTHERWah Wah World
40%
Vivid BAD SQUAD
COVER
Children Record
38%
Vivid BAD SQUAD
COVER
ECHO
38%
Vivid BAD SQUAD
COM
Gekkou
38%
MORE MORE JUMP!
COVER
Happy Synthesizer
38%
Niigo COVERHated by Life Itself
38%
Niigo COMKanade Tomosu Sora
38%
Wondershow COVERDance Robot Dance
37%
Leo/need COVERDramaturgy
37%
Leo/need COMHare wo Matsu
37%
Leo/need COVERHIBANA -Reloaded-
37%
Leo/need COVERLost One's Weeping
37%
Leo/need COMRyuusei no Pulse
37%
Vivid BAD SQUAD
COVER
Traffic Jam
37%
OTHERCosmo Spice
35%
Wondershow COVERfixer
35%
Leo/need COMMade-to-Order
35%
Vivid BAD SQUAD
COVER
Odo
35%
MORE MORE JUMP!
COVER
Patchwork Staccato
35%
Leo/need COVERSix Trillion Years and Overnight
Story
35%
Niigo COVERCutlery
34%
Vivid BAD SQUAD
COVER
Devil's Manner
34%
MORE MORE JUMP!
COVER
Near
34%
Wondershow COVERSweet Magic
34%
MORE MORE JUMP!
COVER
The Vampire
34%
Niigo COMTricologe
34%
Niigo COVERVillain
34%
MORE MORE JUMP!
COM
Worldwide Wander
34%
Vivid BAD SQUAD
COVER
Alter Ego
32%
Vivid BAD SQUAD
COVER
Aun no Beats
32%
Vivid BAD SQUAD
COVER
Doctor=Funk Beat
32%
Wondershow COVEREgo Rock
32%
Vivid BAD SQUAD
COVER
Just Be Friends
32%
Wondershow COVERPositive☆Dance Time
32%
Leo/need COMVoices
32%
Leo/need COVERHello,world!
31%
Wondershow COMStarry Sky Melody
31%
MORE MORE JUMP!
COVER
Viva Happy
31%
Wondershow COVERBURIKI NO DANCE
29%
MORE MORE JUMP!
COVER
Darling Dance
29%
MORE MORE JUMP!
COM
DREAM PLACE
29%
Leo/need COVERfrom Y to Y
29%
MORE MORE JUMP!
COVER
Happy Halloween
29%
MORE MORE JUMP!
COM
Metamo Re:born
29%
MORE MORE JUMP!
COVER
Ren'ai Saiban
29%
Leo/need COVERTale of the Deep-sea Lily
29%
Wondershow COVERYour Adventure Log Has Vanished!
29%
Wondershow COVER1, 2 Fanclub
28%
Wondershow COVERAlien Alien
28%
Wondershow COVERChururira Chururira Daddadda!
28%
MORE MORE JUMP!
COVER
dreamin chuchu
28%
Vivid BAD SQUAD
COVER
Garando
28%
Niigo COMI Nandesu
28%
MORE MORE JUMP!
COVER
Karakuri Pierrot
28%
Wondershow COVERLove ka?
28%
Niigo COVERMeru
28%
Niigo COVEROtome Kaibou
28%
MORE MORE JUMP!
COM
Parasol Cider
28%
Leo/need COVERTime Machine
28%
Leo/need COVERAoku Kakero!
26%
Wondershow COVERAs You Like It
26%
Leo/need COVERBokura Mada Underground
26%
Leo/need COVERCalc.
26%
Vivid BAD SQUAD
COVER
DAYBREAK FRONTLINE
26%
Niigo COVERJishou Mushoku
26%
Wondershow COVERKami no Manimani
26%
Leo/need COVERLost and Found
26%
Wondershow COVERTelecaster b boy
26%
Leo/need COMthe WALL
26%
Vivid BAD SQUAD
COM
Utsuro wo Aogu
26%
Vivid BAD SQUAD
COVER
YY
26%
MORE MORE JUMP!
COVER
Marshmary
25%
Niigo COVERNon-Breath Oblige
25%
Vivid BAD SQUAD
COVER
Yobanashi Deceive
25%
Wondershow COVERDappou Rock
23%
MORE MORE JUMP!
COM
Float Planner
23%
Niigo COVERGehenna
23%
Leo/need COVERAmanojaku
22%
MORE MORE JUMP!
COVER
Heart Forecast
22%
Leo/need COVERray
22%
Niigo COVERTotemo Itai Itagartai
22%
Vivid BAD SQUAD
COVER
Ame to Petra
20%
MORE MORE JUMP!
COVER
Melty Land Nightmare
20%
MORE MORE JUMP!
COVER
Milk Crown on Sonechka
20%
Niigo COVERMousou Kanshou Daishou Renmai
20%
Leo/need COVERNight Sky Patrol of Tomorrow
20%
Wondershow COVERNonsense Bungoku
20%
MORE MORE JUMP!
COVER
Nostalgic
20%
Vivid BAD SQUAD
COVER
PaIII.SENSATION
20%
Wondershow COVERRemote Controller
20%
Leo/need COVERAsagao no Chiru Koro ni
18%
Niigo COVERBocca della Verità
18%
Niigo COMkimi no yoru wo kure
18%
Vivid BAD SQUAD
COVER
Yuurei Tokyo
18%
Wondershow COMDon'na Ketsumatsu no Onozomi dai?
17%
OTHERBlue-Hue Paint
14%
Leo/need COMHurray
14%
Wondershow COVERDance Orchestra
11%
Vivid BAD SQUAD
COVER
Teikoku Shoujo
11%
OTHERTokugawa Cup Noodle Kinshirei
11%
MORE MORE JUMP!
COVER
Torinoko City
11%
Niigo COVERDeichuu ni Saku
9%
MORE MORE JUMP!
COVER
Chikyuu Saigo no Kokuhaku o
8%
INSTRUMENTALHopes and Tears at the End Mark
6%
Leo/need COVERHeart Rate#0822
3%
Wondershow COVERGoodbye Sengan
2%

Score Distribution

Percentile by Number Answered

Percent of People with Each Score

Your Score History

You have not taken this quiz